[Event "CRO-chT2 Center 23rd"]
[Site "Grubisno Polje"]
[Date "2014.09.07"]
[Round "8.45"]
[White "Martic, Slavko"]
[Black "Nemec, Vjekoslav"]
[Result "0-1"]
[WhiteElo "2006"]
[BlackElo "2123"]
[PlyCount "116"]
[EventDate "2014.03.02"]
[EventType "team-match"]
[EventRounds "11"]
[EventCountry "CRO"]
[SourceTitle "EXT 2016"]
[Source "ChessBase"]
[SourceDate "2015.10.08"]
[SourceVersion "1"]
[SourceVersionDate "2015.10.08"]
[SourceQuality "1"]

1. e4 g6 2. d4 Bg7 3. Nf3 d6 4. Nc3 a6 5. Be2 b5 6. a3 Nd7 7. Be3 Bb7 8. Qd2 Ngf6 9. d5 c6 10. 0-0 0-0 11. Rad1 Rc8 12. Bh6 cxd5 13. Bxg7 Kxg7 14. exd5 Nb6 15. Qg5 h6 16. Qh4 Nbxd5 17. Nxd5 Bxd5 18. c3 Bc4 19. Rfe1 Bxe2 20. Rxe2 Rc4 21. Rd4 Rxd4 22. Qxd4 Qc7 23. h3 Re8 24. Rd2 Qc5 25. Qxc5 dxc5 26. Ne5 Rc8 27. Kf1 c4 28. Ke2 Rc5 29. Nf3 Rd5 30. Rxd5 Nxd5 31. g3 Kf6 32. Nd4 e5 33. Nc6 Ke6 34. Nd8+ Ke7 35. Nc6+ Kd6 36. Nd8 Ke7 37. Nc6+ Ke6 38. Nd8+ Kf6 39. Nc6 h5 40. Nb8 Nc7 41. Nd7+ Ke6 42. Nb8 Kd6 43. Kf3 f5 44. g4 hxg4+ 45. hxg4 e4+ 46. Kf4 Ne6+ 47. Ke3 Nc5 48. gxf5 gxf5 49. Kd4 f4 50. Nxa6 Nxa6 51. Kxe4 Nc5+ 52. Kxf4 Nd3+ 53. Ke3 Nxb2 54. Kd4 Na4 55. f3 Ke6 56. Ke4 Nxc3+ 57. Kd4 Na4 58. Ke4 c3 0-1

[Event "CRO-chT2 Center 23rd"]
[Site "Grubisno Polje"]
[Date "2014.04.06"]
[Round "5.2"]
[White "Martic, Slavko"]
[Black "Markovic, Vjeran"]
[Result "0-1"]
[WhiteElo "2006"]
[BlackElo "2167"]
[PlyCount "92"]
[EventDate "2014.03.02"]
[EventType "team-match"]
[EventRounds "11"]
[EventCountry "CRO"]
[SourceTitle "EXT 2016"]
[Source "ChessBase"]
[SourceDate "2015.10.08"]
[SourceVersion "1"]
[SourceVersionDate "2015.10.08"]
[SourceQuality "1"]

1. e4 d6 2. d4 Nf6 3. Nc3 g6 4. Be2 Bg7 5. Be3 c6 6. Qd2 b5 7. f3 Nbd7 8. Nh3 Nb6 9. Nf2 Qc7 10. a3 a6 11. Bh6 Bxh6 12. Qxh6 Na4 13. Nxa4 bxa4 14. Nd3 Qa5+ 15. c3 Rb8 16. 0-0 Be6 17. Nb4 Rb6 18. Kh1 Qh5 19. Qxh5 Nxh5 20. d5 cxd5 21. exd5 Bc8 22. Rab1 Nf4 23. Bd1 Bd7 24. g3 Nh5 25. Nc6 Bf5 26. Rc1 Nf6 27. Bxa4 Kf8 28. g4 Bd3 29. Rfe1 Nxd5 30. b4 e6 31. c4 Nf4 32. c5 dxc5 33. Rxc5 Kg7 34. Ne5 Rb7 35. Bc2 Bxc2 36. Rxc2 Rd8 37. Rc4 g5 38. Rec1 Kf6 39. Nc6 Rd3 40. R4c3 Rbd7 41. Rxd3 Rxd3 42. a4 Rxf3 43. b5 axb5 44. axb5 Rb3 45. Nd4 Rb2 46. Kg1 Rb4 0-1

[Event "CRO-chT2 Center 23rd"]
[Site "Grubisno Polje"]
[Date "2014.03.16"]
[Round "4.6"]
[White "Bartakovic, Tomislav"]
[Black "Martic, Slavko"]
[Result "0-1"]
[WhiteElo "2142"]
[BlackElo "2006"]
[PlyCount "102"]
[EventDate "2014.03.02"]
[EventType "team-match"]
[EventRounds "11"]
[EventCountry "CRO"]
[SourceTitle "EXT 2016"]
[Source "ChessBase"]
[SourceDate "2015.10.08"]
[SourceVersion "1"]
[SourceVersionDate "2015.10.08"]
[SourceQuality "1"]

1. Nf3 Nf6 2. g3 d5 3. d4 c6 4. Bg2 Bg4 5. 0-0 e6 6. b3 Nbd7 7. Bb2 Bd6 8. Nbd2 0-0 9. Ne5 Bh5 10. c4 Bxe5 11. dxe5 Ng4 12. Nf3 Qb8 13. Ba3 Re8 14. Bd6 Qd8 15. h3 Nh6 16. g4 Bg6 17. c5 Be4 18. Qd2 Bxf3 19. exf3 Rc8 20. Rfe1 Kh8 21. Bf1 Qh4 22. Re3 Qg5 23. Qd4 Nf5 24. f4 Nxd4 25. fxg5 Nc2 26. Rae1 Nxe1 27. Rxe1 f6 28. gxf6 gxf6 29. f4 fxe5 30. fxe5 Rf8 31. Kg2 Rf7 32. Kg3 Rg8 33. h4 Rfg7 34. Bh3 Rxg4+ 35. Bxg4 h5 36. Rf1 Rxg4+ 37. Kh3 Kg7 38. Rf3 Kg6 39. Rf1 b6 40. cxb6 axb6 41. Rf3 c5 42. Rf1 d4 43. Rf3 b5 44. a4 bxa4 45. bxa4 c4 46. a5 d3 47. a6 d2 48. Rf1 c3 49. a7 Ra4 50. Bb4 Rxa7 51. Bxc3 Ra3 0-1

[Event "CRO-chT2 Center 23rd"]
[Site "Grubisno Polje"]
[Date "2014.03.02"]
[Round "2.6"]
[White "Martic, Slavko"]
[Black "Maslac, Zvonimir"]
[Result "1-0"]
[WhiteElo "2006"]
[BlackElo "2127"]
[PlyCount "45"]
[EventDate "2014.03.02"]
[EventType "team-match"]
[EventRounds "11"]
[EventCountry "CRO"]
[SourceTitle "EXT 2016"]
[Source "ChessBase"]
[SourceDate "2015.10.08"]
[SourceVersion "1"]
[SourceVersionDate "2015.10.08"]
[SourceQuality "1"]

1. e4 c6 2. d4 d5 3. Nc3 dxe4 4. Nxe4 Nf6 5. Nxf6+ gxf6 6. Be3 Bf5 7. Bd3 Bg6 8. h4 e6 9. Be2 h5 10. Nh3 Bd6 11. Qd2 Bf5 12. Nf4 Bxf4 13. Bxf4 Qd5 14. f3 Rg8 15. c4 Qd7 16. g4 hxg4 17. fxg4 Bxg4 18. Rg1 f5 19. 0-0-0 Qe7 20. d5 e5 21. Bxg4 fxg4 22. Bxe5 f6 23. Bxb8 1-0

[Event "CRO-chT2 Center 22nd"]
[Site "Sisak"]
[Date "2013.10.13"]
[Round "10.2"]
[White "Babic, Radoslav"]
[Black "Martic, Slavko"]
[Result "1-0"]
[WhiteElo "2131"]
[BlackElo "2014"]
[PlyCount "108"]
[EventDate "2013.04.14"]
[EventType "team-tourn"]
[EventRounds "11"]
[EventCountry "CRO"]
[SourceTitle "EXT 2016"]
[Source "ChessBase"]
[SourceDate "2015.10.08"]
[SourceVersion "1"]
[SourceVersionDate "2015.10.08"]
[SourceQuality "1"]

1. Nf3 Nf6 2. b3 d6 3. d4 g6 4. Bb2 Bg7 5. Nbd2 d5 6. e3 a6 7. c4 c6 8. Bd3 0-0 9. 0-0 Nbd7 10. Rc1 Re8 11. Qc2 e6 12. h3 Nf8 13. Ne5 N6d7 14. f4 f5 15. Ndf3 Nxe5 16. dxe5 Bd7 17. Bd4 h6 18. h4 h5 19. Rfd1 Nh7 20. Be2 Rc8 21. c5 Qe7 22. g3 Bf8 23. Qd2 Qf7 24. Ne1 Be7 25. Rc2 Bd8 26. Rdc1 Bc7 27. Nd3 Rcd8 28. Rb2 Bc8 29. Ne1 Qe7 30. Nf3 Rd7 31. Kf2 Qd8 32. a3 Rf7 33. b4 Bd7 34. a4 Ref8 35. Bc3 Qe7 36. Nd4 Ra8 37. Qd1 Rff8 38. Bd2 Rfc8 39. Qc2 Rf8 40. Rcb1 Ra7 41. b5 axb5 42. axb5 cxb5 43. Bxb5 Rfa8 44. Bxd7 Qxd7 45. Rxb7 Ra2 46. R1b2 Rxb2 47. Qxb2 Qc8 48. c6 Nf8 49. Bb4 Ba5 50. Bxf8 Qxf8 51. Nxe6 Qe8 52. Nd4 Qd8 53. Kf3 Rc8 54. Qb3 Rc7 1-0

[Event "CRO-chT2 Center 22nd"]
[Site "Sisak"]
[Date "2013.04.28"]
[Round "5.5"]
[White "Maslac, Zvonimir"]
[Black "Martic, Slavko"]
[Result "1-0"]
[WhiteElo "2130"]
[BlackElo "2016"]
[PlyCount "91"]
[EventDate "2013.04.14"]
[EventType "team-tourn"]
[EventRounds "11"]
[EventCountry "CRO"]
[SourceTitle "EXT 2016"]
[Source "ChessBase"]
[SourceDate "2015.10.08"]
[SourceVersion "1"]
[SourceVersionDate "2015.10.08"]
[SourceQuality "1"]

1. e4 e5 2. Nf3 Nc6 3. Bb5 a6 4. Ba4 Nf6 5. 0-0 b5 6. Bb3 Be7 7. d3 0-0 8. a4 b4 9. Nbd2 d6 10. h3 Na5 11. Ba2 c5 12. Re1 Bd7 13. Nf1 Kh8 14. Ng5 Qe8 15. Ng3 h6 16. Nf3 Be6 17. Nh4 Bxa2 18. Rxa2 Qd7 19. Nhf5 Qe6 20. b3 Rg8 21. Be3 Bf8 22. f4 Kh7 23. fxe5 dxe5 24. Qc1 Rh8 25. Rf1 Ng8 26. Qd1 g6 27. Qf3 gxf5 28. exf5 Qc6 29. Ne4 Ra7 30. f6 Qc8 31. Qh5 Nxf6 32. Rxf6 Kg8 33. Bxh6 Bxh6 34. Rxh6 Rxh6 35. Qxh6 f5 36. Nf6+ Kf7 37. Qh7+ Kxf6 38. Qxa7 Qc6 39. Ra1 Qd6 40. Rf1 f4 41. Qh7 Qd4+ 42. Kh2 Kg5 43. Qc7 Kf5 44. Qxa5 Qd6 45. Rf3 Kg5 46. c3 1-0

[Event "CRO-chT2 Center 22nd"]
[Site "Sisak"]
[Date "2013.04.21"]
[Round "4.3"]
[White "Martic, Slavko"]
[Black "Takac, Zvonko"]
[Result "1/2-1/2"]
[WhiteElo "2016"]
[BlackElo "2091"]
[PlyCount "92"]
[EventDate "2013.04.14"]
[EventType "team-tourn"]
[EventRounds "11"]
[EventCountry "CRO"]
[SourceTitle "EXT 2016"]
[Source "ChessBase"]
[SourceDate "2015.10.08"]
[SourceVersion "1"]
[SourceVersionDate "2015.10.08"]
[SourceQuality "1"]

1. e4 c5 2. Nf3 e6 3. d4 cxd4 4. Nxd4 Nf6 5. Nc3 Bb4 6. Bd3 Bxc3+ 7. bxc3 0-0 8. e5 Ne8 9. 0-0 f5 10. Ba3 Rf7 11. Nb5 Nc6 12. Qe2 a6 13. Nd6 Nxd6 14. Bxd6 b6 15. Rfb1 Bb7 16. Qe3 b5 17. a4 Ne7 18. Bxe7 Qxe7 19. axb5 axb5 20. Rxa8+ Bxa8 21. Rxb5 Bc6 22. Rb8+ Rf8 23. Rxf8+ Qxf8 24. Qd4 Qa3 25. h3 Qc1+ 26. Kh2 Qg5 27. f3 h5 28. Qf2 h4 29. f4 Qh6 30. Qe3 Qg6 31. Qf2 Qh6 32. Qe3 Qg6 33. Bf1 Be4 34. Qf2 Qh6 35. Bb5 g5 36. fxg5 Qxg5 37. Bxd7 Kf7 38. Bb5 f4 39. Bd3 Bc6 40. Qa7+ Kf8 41. Qc5+ Kg7 42. Qxc6 Qg3+ 43. Kg1 Qe3+ 44. Kf1 Qc1+ 45. Ke2 Qe3+ 46. Kd1 Qg1+ 1/2-1/2

[Event "CRO-Cup 20th"]
[Site "Sibenik"]
[Date "2011.05.21"]
[Round "5.124"]
[White "Buzancic, Tihomir"]
[Black "Martic, Slavko"]
[Result "0-1"]
[WhiteElo "1745"]
[BlackElo "1986"]
[PlyCount "80"]
[EventDate "2011.05.18"]
[EventType "team-swiss"]
[EventRounds "6"]
[EventCountry "CRO"]
[SourceTitle "CBM 142 Extra"]
[Source "ChessBase"]
[SourceDate "2011.06.27"]
[SourceVersion "1"]
[SourceVersionDate "2011.06.27"]
[SourceQuality "1"]
[WhiteTeam "Split"]
[BlackTeam "Krizevci"]
[WhiteTeamCountry "CRO"]
[BlackTeamCountry "CRO"]

1. e4 e5 2. Nf3 Nc6 3. d4 exd4 4. Nxd4 Bc5 5. Be3 Qf6 6. c3 d6 7. Bb5 Nge7 8. Nxc6 bxc6 9. Bxc5 cxb5 10. Be3 Qg6 11. 0-0 Bh3 12. Qf3 Bg4 13. Qf4 0-0 14. f3 Be6 15. Na3 a6 16. Nc2 f5 17. Qg5 Qf7 18. Nd4 Bc4 19. Rf2 f4 20. Bd2 h6 21. Qh4 c5 22. Ne2 Ng6 23. Qh5 Rae8 24. g4 Bxe2 25. Rxe2 Re5 26. Qh3 d5 27. Rae1 Rfe8 28. b3 Qb7 29. Qg2 Qe7 30. Kf1 Qe6 31. exd5 Qxd5 32. Qf2 Qd3 33. h4 Nxh4 34. Bxf4 Rxe2 35. Rxe2 Nxf3 36. Be3 Rf8 37. Kg2 Nh4+ 38. Qxh4 Qxe2+ 39. Bf2 Rf3 40. g5 hxg5 0-1

[Event "CRO-chT2 Center"]
[Site "Zagreb"]
[Date "2010.10.17"]
[Round "9.33"]
[White "Martic, Slavko"]
[Black "Djeno, Drago"]
[Result "0-1"]
[WhiteElo "2005"]
[BlackElo "2233"]
[PlyCount "52"]
[EventDate "2010.03.21"]
[EventType "team-tourn"]
[EventRounds "11"]
[EventCountry "CRO"]
[SourceTitle "EXT 2012"]
[Source "ChessBase"]
[SourceDate "2011.11.24"]
[SourceVersion "1"]
[SourceVersionDate "2011.11.24"]
[SourceQuality "1"]

1. e4 c5 2. Nf3 Nc6 3. d4 cxd4 4. Nxd4 Nf6 5. Nc3 g6 6. Be2 Bg7 7. Be3 0-0 8. g4 d5 9. Nxc6 bxc6 10. e5 Nd7 11. f4 g5 12. fxg5 Nxe5 13. h4 Rb8 14. Bxa7 Rxb2 15. Bd4 Rb4 16. Bc5 Qa5 17. Bxb4 Qxb4 18. Rh3 Nxg4 19. Qd2 Nf2 20. Rg3 Nh1 21. Rf3 Qxh4+ 22. Kd1 Nf2+ 23. Kc1 Ne4 24. Nxe4 dxe4 25. Rf4 e3 26. Qb4 Qh2 0-1

[Event "CRO-Cup 19th"]
[Site "Sibenik"]
[Date "2010.05.21"]
[Round "4"]
[White "Draganic, Stjepan"]
[Black "Martic, Slavko"]
[Result "1-0"]
[WhiteElo "2162"]
[BlackElo "2005"]
[PlyCount "119"]
[EventDate "2010.05.19"]
[EventType "team-tourn"]
[EventRounds "6"]
[EventCountry "CRO"]
[SourceTitle "CBM 136 Extra"]
[Source "ChessBase"]
[SourceDate "2010.07.02"]
[SourceVersion "2"]
[SourceVersionDate "2010.07.15"]
[SourceQuality "1"]

1. d4 d5 2. Bf4 Nc6 3. e3 Nf6 4. c3 Bf5 5. Nf3 Nh5 6. Bg5 h6 7. Bh4 g5 8. Bg3 Bg4 9. Bb5 Bxf3 10. gxf3 Nxg3 11. hxg3 Qd6 12. Qa4 Bg7 13. Nd2 0-0 14. Bxc6 bxc6 15. f4 g4 16. Qd1 Qg6 17. Rh4 f5 18. b4 a5 19. a3 a4 20. Rc1 Qe6 21. Kf1 Qg6 22. c4 Ra7 23. Qc2 e6 24. Kg2 Qe8 25. Nb1 Qa8 26. Nc3 Rf6 27. Nd1 Bf8 28. Nb2 Kg7 29. Nd3 dxc4 30. Qxc4 c5+ 31. Kg1 cxb4 32. Nxb4 Bd6 33. Qc6 Qxc6 34. Nxc6 Bxa3 35. Ra1 Bb2 36. Ra2 Ra6 37. Nb4 Rb6 38. Rxa4 Ba3 39. Nd3 Bd6 40. Kg2 Rb3 41. Ne5 Bxe5 42. fxe5 Rf7 43. Ra1 Rc3 44. Ra6 c6 45. Rh1 Rb7 46. Rha1 Rc2 47. Ra7 Rcb2 48. R1a6 R2b6 49. Rxb6 Rxa7 50. Rxc6 Re7 51. Kf1 h5 52. Ke2 Kf7 53. Rd6 Kg6 54. d5 Kf7 55. Kd3 exd5 56. Rf6+ Kg7 57. Rxf5 Kg6 58. Rf6+ Kg5 59. Kd4 Rg7 60. Rf8 1-0

[Event "CRO-Cup 19th"]
[Site "Sibenik"]
[Date "2010.05.20"]
[Round "3"]
[White "Martic, Slavko"]
[Black "Bartakovic, Tomislav"]
[Result "0-1"]
[WhiteElo "2005"]
[BlackElo "2105"]
[PlyCount "84"]
[EventDate "2010.05.19"]
[EventType "team-tourn"]
[EventRounds "6"]
[EventCountry "CRO"]
[SourceTitle "CBM 136 Extra"]
[Source "ChessBase"]
[SourceDate "2010.07.02"]
[SourceVersion "2"]
[SourceVersionDate "2010.07.15"]
[SourceQuality "1"]

1. e4 e6 2. d4 d5 3. exd5 exd5 4. Bd3 Nc6 5. Be3 Nf6 6. Nc3 Bd6 7. h3 0-0 8. a3 Re8 9. Nge2 Be6 10. Qd2 a6 11. 0-0 Ne7 12. Bg5 Nd7 13. f4 f6 14. Bh4 c5 15. b3 Rc8 16. Bf2 Qc7 17. Na4 c4 18. bxc4 dxc4 19. Be4 Bd5 20. Nac3 Bf7 21. Be3 b5 22. Qc1 f5 23. Bf3 Nb6 24. Bf2 Ned5 25. g3 Re7 26. Qd2 Rce8 27. Rfe1 Ne3 28. Bxe3 Rxe3 29. Kf2 g5 30. fxg5 R3e4 31. Bxe4 fxe4 32. Qe3 Bd5 33. Nf4 Rf8 34. Nce2 Bb7 35. Kg1 Qe7 36. h4 Qd7 37. Nh5 Nd5 38. Qc1 Qg4 39. Nf6+ Rxf6 40. gxf6 e3 41. Qd1 Bxg3 42. f7+ Kf8 0-1

[Event "CRO-chT2 Center"]
[Site "Zagreb"]
[Date "2010.04.11"]
[Round "6.33"]
[White "Machata, Martin"]
[Black "Martic, Slavko"]
[Result "1/2-1/2"]
[WhiteElo "2200"]
[BlackElo "2005"]
[PlyCount "56"]
[EventDate "2010.03.21"]
[EventType "team-tourn"]
[EventRounds "11"]
[EventCountry "CRO"]
[SourceTitle "EXT 2012"]
[Source "ChessBase"]
[SourceDate "2011.11.24"]
[SourceVersion "1"]
[SourceVersionDate "2011.11.24"]
[SourceQuality "1"]

1. Nf3 Nc6 2. c4 e5 3. Nc3 Nf6 4. a3 d5 5. cxd5 Nxd5 6. d3 Be7 7. g3 0-0 8. Bg2 Be6 9. 0-0 Nxc3 10. bxc3 Qd7 11. Rb1 Rab8 12. Re1 h6 13. Qa4 a6 14. Nd2 Bd5 15. Bxd5 Qxd5 16. Qc4 Qd7 17. Ne4 b5 18. Qa2 Kh7 19. Be3 f5 20. Nc5 Bxc5 21. Bxc5 Rfe8 22. Red1 Nd8 23. d4 e4 24. d5 f4 25. Qc2 g6 26. c4 Nf7 27. cxb5 Rxb5 28. Rxb5 axb5 1/2-1/2

[Event "CRO-chT2 Center"]
[Site "Zagreb"]
[Date "2010.03.21"]
[Round "2.14"]
[White "Martic, Slavko"]
[Black "Milosevic, Sanjin"]
[Result "0-1"]
[WhiteElo "2005"]
[BlackElo "2132"]
[PlyCount "88"]
[EventDate "2010.03.21"]
[EventType "team-tourn"]
[EventRounds "11"]
[EventCountry "CRO"]
[SourceTitle "EXT 2012"]
[Source "ChessBase"]
[SourceDate "2011.11.24"]
[SourceVersion "1"]
[SourceVersionDate "2011.11.24"]
[SourceQuality "1"]

1. e4 c5 2. Nf3 d6 3. d4 cxd4 4. Nxd4 Nf6 5. Nc3 g6 6. Be2 Bg7 7. Be3 0-0 8. g4 Nc6 9. g5 Nd7 10. h4 Nb6 11. h5 d5 12. Nxc6 bxc6 13. Bd4 e5 14. Bc5 Re8 15. hxg6 hxg6 16. Qd2 Be6 17. f3 d4 18. Nd1 Nd7 19. Ba3 Bf8 20. Bxf8 Kxf8 21. Nf2 Qb6 22. b3 a5 23. Nd3 Kg7 24. Kf2 a4 25. Kg2 c5 26. f4 axb3 27. cxb3 exf4 28. Qxf4 Rh8 29. Rxh8 Rxh8 30. Rc1 Qa7 31. Rc2 Rh3 32. Nxc5 Nxc5 33. Qe5+ Kh7 34. Qxc5 Qb8 35. Qc7 Qb4 36. Bg4 Rc3 37. Rxc3 dxc3 38. Bf3 Qd4 39. Qf4 Qa7 40. Qh2+ Kg8 41. Kf1 Bxb3 42. axb3 Qa1+ 43. Kf2 c2 44. Qb8+ Kg7 0-1